[Event "24th Klatovy A 2016"]
[Site "Klatovy CZE"]
[Date "2016.07.02"]
[Round "1.29"]
[White "Mackova, Veronika"]
[Black "Simunek, Filip"]
[Result "0-1"]
[WhiteElo "1902"]
[BlackElo "2143"]
[PlyCount "116"]
[EventDate "2016.07.02"]
[EventType "swiss"]
[EventRounds "9"]
[EventCountry "CZE"]

1. e4 c5 2. c3 g6 3. d4 cxd4 4. cxd4 d5 5. e5 Nc6 6. Nc3 Nh6 7. Bb5 Bg7 8. Bxh6 Bxh6 9. Qf3 O-O 10. Nge2 Be6 11. Bxc6 bxc6 12. O-O f6 13. Nf4 Bc8 14. Nfxd5 cxd5 15. Qxd5+ Qxd5 16. Nxd5 Kf7 17. exf6 e6 18. Nc3 Kxf6 19. Ne4+ Ke7 20. Rfe1 Bb7 21. Nc5 Bd5 22. Nxe6 Bxe6 23. d5 Rf6 24. Re4 Kf7 25. dxe6+ Rxe6 26. Rh4 Kg7 27. Rd1 Rae8 28. Kf1 Bd2 29. g3 Ba5 30. Rd7+ R8e7 31. Rxe7+ Rxe7 32. b4 Bb6 33. Rc4 Rf7 34. Rc2 Rf3 35. a4 Kf6 36. a5 Bd4 37. b5 Rc3 38. Rd2 Ke5 39. Re2+ Kd6 40. Re8 Rf3 41. Rd8+ Kc5 42. b6 axb6 43. axb6 Rxf2+ 44. Ke1 Rf7 45. Ke2 Bf6 46. Rb8 Be5 47. Re8 Bd6 48. Rd8 Kc6 49. Kd3 Bc5 50. Rc8+ Kxb6 51. Ke4 Bd6 52. Kd5 Bc7 53. Ke6 Rf2 54. Rh8 Rxh2 55. g4 Rh4 56. g5 Rh5 57. Kf7 Be5 58. Re8 Rxg5 0-1

[Event "24th Klatovy A 2016"]
[Site "Klatovy CZE"]
[Date "2016.07.02"]
[Round "1.30"]
[White "Kaderabek, Jiri"]
[Black "Kotal, Vaclav"]
[Result "0-1"]
[WhiteElo "2125"]
[BlackElo "1886"]
[PlyCount "60"]
[EventDate "2016.07.02"]
[EventType "swiss"]
[EventRounds "9"]
[EventCountry "CZE"]

1. d4 Nf6 2. Nf3 e6 3. Bf4 b6 4. e3 Bb7 5. Bd3 Be7 6. Nbd2 c5 7. c3 O-O 8. Rc1 Nc6 9. Qe2 Rc8 10. Bb1 cxd4 11. exd4 Nb4 12. Nb3 Ba6 13. Qd2 Nbd5 14. Bg3 d6 15. Bd3 Bb7 16. O-O a5 17. Qe2 a4 18. Na1 a3 19. c4 Nb4 20. Bb1 Bxf3 21. gxf3 axb2 22. Qxb2 d5 23. a3 Nc6 24. cxd5 Qxd5 25. Nc2 Qxf3 26. Qxb6 h5 27. a4 h4 28. Bc7 Nd5 29. Qxc6 Rxc7 30. Qb5 Nf4 0-1

[Event "24th Klatovy A 2016"]
[Site "Klatovy CZE"]
[Date "2016.07.02"]
[Round "1.31"]
[White "Kantor, Jozef"]
[Black "Vanek, Petr"]
[Result "0-1"]
[WhiteElo "1880"]
[BlackElo "2112"]
[PlyCount "104"]
[EventDate "2016.07.02"]
[EventType "swiss"]
[EventRounds "9"]
[EventCountry "CZE"]

1. e4 e6 2. d4 d5 3. Nd2 Nf6 4. e5 Nfd7 5. Bd3 c5 6. c3 Nc6 7. Ne2 cxd4 8. cxd4 f6 9. exf6 Nxf6 10. Nf3 Bd6 11. O-O Qc7 12. Ng3 O-O 13. Re1 Bd7 14. Bd2 Rae8 15. Rc1 Qb6 16. Bc3 Bf4 17. Rc2 Nb4 18. Bxb4 Qxb4 19. Qe2 Rc8 20. a3 Qb6 21. b4 a5 22. Rc5 axb4 23. axb4 Qxb4 24. Rb1 Qa3 25. Rxc8 Rxc8 26. Rxb7 Qd6 27. Ne5 Be8 28. h3 Bh5 29. Qb2 Bc1 30. Qb1 Be8 31. Kh2 Bf4 32. Qb2 h5 33. h4 Bxe5 34. dxe5 Ng4+ 35. Kg1 Qxe5 36. Qd2 Bc6 37. Re7 Ra8 38. Bb1 Ra1 39. Qd1 Qf6 40. f3 Qxe7 41. fxg4 Qxh4 42. Nxh5 Rxb1 43. Qxb1 Qxg4 44. Qb8+ Kh7 45. Qe5 d4 46. Nf4 d3 47. Qe3 Kg8 48. Qd4 Bd5 49. Qb4 Bxg2 50. Qb8+ Kh7 51. Nxg2 d2 52. Qb1+ Kh6 0-1

[Event "24th Klatovy A 2016"]
[Site "Klatovy CZE"]
[Date "2016.07.02"]
[Round "1.32"]
[White "Horak, Martin"]
[Black "Oz, Ozan"]
[Result "1-0"]
[WhiteElo "2107"]
[BlackElo "1863"]
[PlyCount "101"]
[EventDate "2016.07.02"]
[EventType "swiss"]
[EventRounds "9"]
[EventCountry "CZE"]

1. e4 e6 2. Nf3 d5 3. e5 c5 4. c3 Nc6 5. d4 Bd7 6. Be2 f6 7. O-O fxe5 8. dxe5 Qc7 9. Bf4 Nh6 10. Re1 Nf7 11. a3 Be7 12. h4 h6 13. h5 O-O-O 14. Bf1 Rdf8 15. Bg3 Ng5 16. Nbd2 Be8 17. Be2 g6 18. Nh4 gxh5 19. Bxh5 c4 20. Bxe8 Rxe8 21. Ng6 Rh7 22. Nxe7+ Nxe7 23. Qa4 Nc6 24. b3 Qa5 25. Qxa5 Nxa5 26. bxc4 Nxc4 27. Nxc4 dxc4 28. f4 Nf7 29. Re4 h5 30. Rxc4+ Kb8 31. f5 Rg7 32. fxe6 Rxe6 33. Rf1 a6 34. Bh2 b5 35. Rf6 bxc4 36. Rxe6 Ng5 37. Rxa6 Kb7 38. Rh6 Ne4 39. Rxh5 Nxc3 40. Rh4 Nd5 41. Rxc4 Rxg2+ 42. Kxg2 Ne3+ 43. Kf3 Nxc4 44. e6 Kc8 45. a4 Kd8 46. Ke4 Ke7 47. Kd4 Nd2 48. Kd5 Nb3 49. Bd6+ Ke8 50. Bb4 Kd8 51. a5 1-0

[Event "24th Klatovy A 2016"]
[Site "Klatovy CZE"]
[Date "2016.07.02"]
[Round "1.33"]
[White "Kostelecky, Daniel"]
[Black "Chmel, Kristian"]
[Result "0-1"]
[WhiteElo "1862"]
[BlackElo "2114"]
[PlyCount "60"]
[EventDate "2016.07.02"]
[EventType "swiss"]
[EventRounds "9"]
[EventCountry "CZE"]

1. e4 c5 2. Nf3 d6 3. d4 cxd4 4. Nxd4 Nf6 5. Nc3 a6 6. Bg5 Nbd7 7. f4 Qc7 8. Be2 b5 9. a3 Bb7 10. Bf3 e6 11. Qe2 Be7 12. e5 dxe5 13. fxe5 Bxf3 14. Qxf3 Qxe5+ 15. Be3 Rc8 16. O-O O-O 17. Rad1 Bc5 18. Nce2 Nd5 19. Bc1 N7b6 20. Kh1 Nc4 21. Rd3 Be7 22. Nf4 Ncb6 23. Qf2 Bc5 24. c3 Bd6 25. Rh3 Nxf4 26. Bxf4 Qxf4 27. Qxf4 Bxf4 28. Rxf4 e5 29. Rfh4 exd4 30. Rxh7 f6 0-1

[Event "24th Klatovy A 2016"]
[Site "Klatovy CZE"]
[Date "2016.07.02"]
[Round "1.34"]
[White "Parizek, Vojtech"]
[Black "Hacaperka, Michal"]
[Result "1/2-1/2"]
[WhiteElo "2104"]
[BlackElo "1887"]
[PlyCount "63"]
[EventDate "2016.07.02"]
[EventType "swiss"]
[EventRounds "9"]
[EventCountry "CZE"]

1. e4 c5 2. Nf3 d6 3. d4 cxd4 4. Nxd4 Nf6 5. Nc3 a6 6. g3 e5 7. Nde2 Be7 8. Bg2 O-O 9. O-O b5 10. h3 Nbd7 11. g4 b4 12. Nd5 Nxd5 13. exd5 a5 14. a3 Ba6 15. axb4 axb4 16. Bd2 Qb6 17. Re1 Bh4 18. Be3 Nc5 19. b3 f5 20. gxf5 Rxf5 21. Ng3 Bxg3 22. fxg3 Raf8 23. Qd2 Qb5 24. Rad1 Bb7 25. Rf1 Na6 26. Rxf5 Rxf5 27. Rf1 Rxf1+ 28. Bxf1 Qa5 29. Bf2 Nc7 30. Be1 Qc5+ 31. Bf2 Qa5 32. Be1 1/2-1/2

[Event "24th Klatovy A 2016"]
[Site "Klatovy CZE"]
[Date "2016.07.02"]
[Round "1.35"]
[White "Molkanov, Oleg 2001"]
[Black "Dolansky, Lukas"]
[Result "1/2-1/2"]
[WhiteElo "1860"]
[BlackElo "2102"]
[PlyCount "75"]
[EventDate "2016.07.02"]
[EventType "swiss"]
[EventRounds "9"]
[EventCountry "CZE"]

1. Nf3 d5 2. g3 Bf5 3. Bg2 c6 4. d4 Nd7 5. O-O e6 6. Nbd2 h6 7. c4 Ngf6 8. Re1 Be7 9. b3 O-O 10. Bb2 Bh7 11. Rc1 Re8 12. Ne5 Qa5 13. Nxd7 Nxd7 14. a3 Nf6 15. e4 dxe4 16. Nxe4 Nxe4 17. Bxe4 Bxe4 18. Rxe4 Bf6 19. Qc2 Red8 20. b4 Qb6 21. c5 Qc7 22. a4 Rd5 23. Qc4 Rad8 24. f4 Qd7 25. Rd1 e5 26. fxe5 Bxe5 27. Kg2 Bf6 28. Bc3 Rh5 29. Rd2 Qh3+ 30. Kg1 Rdd5 31. Qf1 Qd7 32. Qe2 Rdg5 33. Qg2 Rh3 34. Rde2 Kh7 35. Rc2 Rhh5 36. Rce2 Rg6 37. Rd2 Qd5 38. Qe2 1/2-1/2

[Event "24th Klatovy A 2016"]
[Site "Klatovy CZE"]
[Date "2016.07.02"]
[Round "1.36"]
[White "Mueller, Michael3"]
[Black "Brunova, Blanka"]
[Result "1/2-1/2"]
[WhiteElo "2102"]
[BlackElo "1880"]
[PlyCount "74"]
[EventDate "2016.07.02"]
[EventType "swiss"]
[EventRounds "9"]
[EventCountry "CZE"]

1. c4 g6 2. Nc3 Bg7 3. g3 Nf6 4. Bg2 O-O 5. e4 d6 6. Nge2 Nc6 7. O-O e5 8. d3 Be6 9. Nd5 Nh5 10. Be3 Ne7 11. Rc1 c6 12. Nxe7+ Qxe7 13. d4 f5 14. Qd2 f4 15. gxf4 exf4 16. Nxf4 Nxf4 17. Bxf4 Rxf4 18. Qxf4 Bxd4 19. b3 Rf8 20. Qg3 g5 21. Kh1 Be5 22. Qd3 g4 23. Kg1 Qh4 24. f4 gxf3 25. Rxf3 Qxh2+ 26. Kf1 Bf4 27. Rc2 h5 28. Rcf2 Bg4 29. e5 Bxf3 30. Qg6+ Kh8 31. Bxf3 Qh3+ 32. Ke2 dxe5 33. Rg2 Qd7 34. Qxh5+ Qh7 35. Qxh7+ Kxh7 36. Be4+ Kh6 37. Rg6+ Kh5 1/2-1/2

[Event "24th Klatovy A 2016"]
[Site "Klatovy CZE"]
[Date "2016.07.02"]
[Round "1.37"]
[White "Spicka, Jan"]
[Black "Rosenbaum, Vit"]
[Result "0-1"]
[WhiteElo "1833"]
[BlackElo "2087"]
[PlyCount "86"]
[EventDate "2016.07.02"]
[EventType "swiss"]
[EventRounds "9"]
[EventCountry "CZE"]

1. e4 e6 2. d4 d5 3. Nd2 Nf6 4. e5 Nfd7 5. Bd3 c5 6. c3 Nc6 7. Ne2 Qb6 8. Nf3 cxd4 9. cxd4 f6 10. exf6 Nxf6 11. O-O Bd6 12. a3 O-O 13. Qc2 Bd7 14. Bg5 h6 15. Be3 Rac8 16. Qd2 Ng4 17. h3 Nxe3 18. fxe3 Na5 19. Bc2 Nb3 20. Qd3 Rxc2 21. Qxc2 Nxa1 22. Rxa1 Rc8 23. Nc3 Qa5 24. Rf1 Rf8 25. Qd3 b5 26. Ne5 Rxf1+ 27. Kxf1 Be8 28. Qd2 b4 29. Ne2 Bb5 30. axb4 Bxb4 31. Qd1 Bd6 32. Kf2 Bxe2 33. Qxe2 Bxe5 34. dxe5 Qc7 35. Qh5 Kh7 36. Kf3 Qb8 37. g4 Qxb2 38. g5 Qb1 39. Qe8 Qg6 40. Qe7 Qf5+ 41. Ke2 hxg5 42. Qxa7 Qxe5 43. Qe7 d4 0-1

[Event "24th Klatovy A 2016"]
[Site "Klatovy CZE"]
[Date "2016.07.02"]
[Round "1.38"]
[White "Psaila, Clarence"]
[Black "Dobias, Daniel"]
[Result "0-1"]
[WhiteElo "2080"]
[BlackElo "1827"]
[PlyCount "126"]
[EventDate "2016.07.02"]
[EventType "swiss"]
[EventRounds "9"]
[EventCountry "CZE"]

1. Nf3 Nf6 2. c4 c5 3. Nc3 g6 4. e4 d6 5. d4 b6 6. Bd3 Bb7 7. O-O Bg7 8. e5 dxe5 9. dxe5 Ng4 10. e6 f5 11. Bf4 Nc6 12. Qe2 Nd4 13. Nxd4 Qxd4 14. Bg5 Be5 15. h3 h6 16. Nb5 Qxb2 17. Qxb2 Bxb2 18. Nc7+ Kd8 19. Nxa8 Bxa1 20. Rxa1 hxg5 21. hxg4 Bxa8 22. Rd1 Kc7 23. gxf5 gxf5 24. Bxf5 Rd8 25. Rxd8 Kxd8 26. f3 Kc7 27. Kf2 Kd6 28. Kg3 Ke5 29. Kg4 Kf6 30. Be4 Bxe4 31. fxe4 Kxe6 32. Kxg5 Ke5 33. a4 Kxe4 34. g4 e5 35. Kf6 Kd4 36. g5 e4 37. g6 e3 38. g7 e2 39. g8=Q e1=Q 40. Qd5+ Kc3 41. a5 Qh4+ 42. Kf5 Qxc4 43. Qe5+ Kb4 44. axb6 axb6 45. Qe1+ Qc3 46. Qb1+ Qb3 47. Qe1+ Kb5 48. Qe8+ Kb4 49. Qe1+ Kc4 50. Qe6+ Kc3 51. Qe5+ Kc2 52. Qe2+ Kb1 53. Qe1+ Ka2 54. Qe2+ Kb1 55. Qe1+ Kb2 56. Qe5+ Qc3 57. Qe8 Qd3+ 58. Kg5 b5 59. Qe5+ Kb3 60. Qxc5 b4 61. Kh6 Qd2+ 62. Kh5 Qh2+ 63. Kg6 Qc2+ 0-1

[Event "24th Klatovy A 2016"]
[Site "Klatovy CZE"]
[Date "2016.07.02"]
[Round "1.39"]
[White "Lintner, Felix 1979"]
[Black "Turner, Radek"]
[Result "0-1"]
[WhiteElo "1826"]
[BlackElo "2077"]
[PlyCount "124"]
[EventDate "2016.07.02"]
[EventType "swiss"]
[EventRounds "9"]
[EventCountry "CZE"]

1. e4 Nf6 2. Nc3 d5 3. exd5 Nxd5 4. Bc4 Nb6 5. Bb3 Nc6 6. a3 Nd4 7. Ba2 Bf5 8. d3 e6 9. Be3 Be7 10. Nf3 Bf6 11. h3 Bg6 12. Nxd4 Bxd4 13. Bxd4 Qxd4 14. Qe2 c6 15. O-O O-O 16. Qe3 Rad8 17. Rfe1 Rfe8 18. Rab1 a6 19. Ne4 Qxe3 20. Rxe3 Nd5 21. Ree1 b6 22. g3 h6 23. Kg2 Re7 24. Nd2 f6 25. Nf3 Bf7 26. Nd4 Nf4+ 27. gxf4 Rxd4 28. Kg3 Kf8 29. f3 e5 30. Bxf7 exf4+ 31. Kf2 Kxf7 32. Rxe7+ Kxe7 33. Re1+ Kf7 34. b4 g5 35. Rd1 h5 36. c3 Rd6 37. d4 Ke6 38. Re1+ Kd7 39. Rg1 Ke6 40. Re1+ Kf7 41. a4 b5 42. a5 Re6 43. Rd1 Ke7 44. d5 Rd6 45. Re1+ Kd7 46. dxc6+ Rxc6 47. Rd1+ Rd6 48. Rc1 Rd2+ 49. Kg1 Rd3 50. Kf2 Kd6 51. c4 bxc4 52. Rxc4 Rd2+ 53. Kg1 Rb2 54. Rd4+ Ke5 55. Rc4 Kd5 56. Rc5+ Kd4 57. Rc6 Rxb4 58. Rxa6 Ke3 59. Rb6 Ra4 60. Rb3+ Ke2 61. Kg2 Rxa5 62. Rb2+ Ke3 0-1

[Event "24th Klatovy A 2016"]
[Site "Klatovy CZE"]
[Date "2016.07.02"]
[Round "1.40"]
[White "Bottema, Timo"]
[Black "Kunc, Jan"]
[Result "1/2-1/2"]
[WhiteElo "2065"]
[BlackElo "1798"]
[PlyCount "43"]
[EventDate "2016.07.02"]
[EventType "swiss"]
[EventRounds "9"]
[EventCountry "CZE"]

1. e4 c5 2. Nf3 d6 3. d4 cxd4 4. Nxd4 Nf6 5. Nc3 a6 6. Be2 e6 7. O-O Be7 8. Be3 Qc7 9. Qd2 b5 10. a3 Bb7 11. f3 d5 12. e5 Qxe5 13. Bf4 Qh5 14. g4 Qh3 15. Rf2 Nfd7 16. Bg3 Qh6 17. f4 Nc6 18. g5 Qg6 19. Qd1 Nxd4 20. Bh5 Qf5 21. Bg4 Qg6 22. Bh5 1/2-1/2

[Event "24th Klatovy A 2016"]
[Site "Klatovy CZE"]
[Date "2016.07.02"]
[Round "1.41"]
[White "Gumustas, Ilgaz"]
[Black "Gschwendtner, Stanislav"]
[Result "0-1"]
[WhiteElo "1797"]
[BlackElo "2058"]
[PlyCount "100"]
[EventDate "2016.07.02"]
[EventType "swiss"]
[EventRounds "9"]
[EventCountry "CZE"]

1. e4 c5 2. Nf3 d6 3. Bb5+ Nd7 4. O-O a6 5. Bxd7+ Bxd7 6. h3 Nf6 7. Re1 g6 8. c4 Bg7 9. a4 b5 10. axb5 axb5 11. Rxa8 Qxa8 12. e5 dxe5 13. Nxe5 bxc4 14. Nxc4 Be6 15. Nb6 Qc6 16. Qa4 Qxa4 17. Nxa4 Nd7 18. Nac3 O-O 19. d3 Ra8 20. Rxe6 fxe6 21. Kf1 Bxc3 22. Nxc3 Ra1 23. Ne2 Ne5 24. Ke1 Nxd3+ 25. Kd2 Nxf2 26. Ke3 Rxc1 27. Nxc1 Nd1+ 28. Ke4 Nxb2 29. Ke5 Kf7 30. g4 Nc4+ 31. Kf4 e5+ 32. Kg5 Nd6 33. Nd3 Ne4+ 34. Kh6 Kf6 35. h4 c4 36. Nc1 Nf2 37. g5+ Kf5 38. Kxh7 Ne4 39. Kh6 Nd6 40. Kg7 e4 41. Ne2 e5 42. Nc3 e3 43. Ne2 Ne4 44. Kh6 c3 45. h5 gxh5 46. g6 h4 47. g7 Nf6 48. Nxc3 h3 49. Ne2 h2 50. Ng3+ Ke6 0-1

[Event "24th Klatovy A 2016"]
[Site "Klatovy CZE"]
[Date "2016.07.02"]
[Round "1.42"]
[White "Pick, Stepan"]
[Black "Paldus, Jan"]
[Result "1-0"]
[WhiteElo "2058"]
[BlackElo "1753"]
[PlyCount "53"]
[EventDate "2016.07.02"]
[EventType "swiss"]
[EventRounds "9"]
[EventCountry "CZE"]

1. Nf3 Nf6 2. c4 d5 3. cxd5 Qxd5 4. Nc3 Qa5 5. d4 c6 6. g3 Nbd7 7. Bg2 e6 8. O-O Be7 9. e4 O-O 10. Qc2 Qh5 11. Re1 e5 12. d5 cxd5 13. exd5 e4 14. Nxe4 Nxd5 15. Bd2 Bb4 16. Rad1 N7b6 17. Bxb4 Nxb4 18. Qb3 N4d5 19. Nd6 f6 20. Nh4 g5 21. Bxd5+ Nxd5 22. Qxd5+ Kh8 23. Nhf5 Bxf5 24. Nxf5 Qg6 25. Re7 h5 26. Rg7 Qe8 27. Qxb7 1-0

[Event "24th Klatovy A 2016"]
[Site "Klatovy CZE"]
[Date "2016.07.02"]
[Round "1.43"]
[White "Palla, Rostislav"]
[Black "Zeman, Matyas"]
[Result "0-1"]
[WhiteElo "1736"]
[BlackElo "2056"]
[PlyCount "68"]
[EventDate "2016.07.02"]
[EventType "swiss"]
[EventRounds "9"]
[EventCountry "CZE"]

1. e4 e6 2. Qe2 c5 3. Nf3 Nc6 4. g3 Be7 5. Bg2 Nf6 6. O-O O-O 7. c3 d5 8. d3 h6 9. Na3 b6 10. Nc2 Re8 11. e5 Nd7 12. d4 cxd4 13. cxd4 a5 14. Re1 Ba6 15. Qd1 b5 16. Bf1 Qb6 17. Be3 Rec8 18. Rc1 Bf8 19. a3 b4 20. Bxa6 Qxa6 21. axb4 axb4 22. Na1 Nb6 23. Qe2 Qxe2 24. Rxe2 Nxd4 25. Nxd4 Rxc1+ 26. Bxc1 Rxa1 27. Rc2 Nc4 28. Kg2 Ra6 29. b3 Nxe5 30. Rc8 f6 31. Bd2 Kf7 32. f4 Ra2 33. Nc2 Nc4 34. Rc7+ Kg8 0-1

[Event "24th Klatovy A 2016"]
[Site "Klatovy CZE"]
[Date "2016.07.02"]
[Round "1.44"]
[White "Stolc, Martin"]
[Black "Svoboda, Jaroslav2"]
[Result "1-0"]
[WhiteElo "2042"]
[BlackElo "1711"]
[PlyCount "75"]
[EventDate "2016.07.02"]
[EventType "swiss"]
[EventRounds "9"]
[EventCountry "CZE"]

1. b3 c5 2. Bb2 Nc6 3. e3 e5 4. Bb5 Nge7 5. Ne2 a6 6. Bd3 d6 7. f4 Nb4 8. O-O Nxd3 9. cxd3 f6 10. h3 Nc6 11. Ng3 Be6 12. Nc3 h5 13. Nxh5 Qd7 14. Qf3 Bf7 15. Ng3 Nb4 16. Qf2 O-O-O 17. f5 Qe8 18. Rfc1 g5 19. a3 Nc6 20. b4 Kb8 21. bxc5 Na5 22. Nce4 Nb3 23. Nxf6 Nxc1 24. Rxc1 Qb5 25. Ba1 Rh4 26. Ng4 Ka8 27. Qf1 Qa5 28. cxd6 Bxd6 29. Bc3 Qa4 30. Ne4 Bb8 31. Nxg5 Bd5 32. e4 Bc6 33. f6 Rg8 34. f7 Rf8 35. Bb4 Rd8 36. f8=Q Rxf8 37. Qxf8 Be8 38. Kh2 1-0

[Event "24th Klatovy A 2016"]
[Site "Klatovy CZE"]
[Date "2016.07.02"]
[Round "1.45"]
[White "Lhotsky, Zdenek"]
[Black "Van Kempen, Roderick"]
[Result "0-1"]
[WhiteElo "1853"]
[BlackElo "2042"]
[PlyCount "114"]
[EventDate "2016.07.02"]
[EventType "swiss"]
[EventRounds "9"]
[EventCountry "CZE"]

1. e4 e6 2. d4 d5 3. Nc3 Nf6 4. Bg5 Bb4 5. e5 h6 6. Bd2 Bxc3 7. bxc3 Ne4 8. Bd3 Nxd2 9. Qxd2 c5 10. Bb5+ Bd7 11. Be2 Nc6 12. f4 Qa5 13. Nf3 Rc8 14. a3 a6 15. Bd3 O-O 16. g4 cxd4 17. cxd4 f6 18. Qxa5 Nxa5 19. Rf1 Ba4 20. Rf2 Rc3 21. Kd2 Rfc8 22. Ra2 R3c6 23. f5 exf5 24. gxf5 Nc4+ 25. Ke1 Ne3 26. Kd2 Nxc2 27. e6 Rc3 28. Rb2 Na1 29. Rxb7 Nb3+ 30. Ke3 Bb5 31. Ne1 Nc1 32. Rc2 Nxd3 33. Rxc3 Rxc3 34. Kd2 Rxa3 35. Rb8+ Kh7 36. e7 Ra2+ 37. Ke3 Nxe1 38. Rxb5 Ng2+ 39. Kf3 Nh4+ 40. Kg4 Re2 41. Rxd5 Re4+ 42. Kh3 Nxf5 43. Rxf5 Rxe7 44. Ra5 Re3+ 45. Kg2 Rd3 46. d5 Kg6 47. Kf2 Kf5 48. Ke2 Rd4 49. Ke3 Re4+ 50. Kd3 Re5 51. Kd4 Re2 52. h3 g5 53. Kc5 Ke5 54. Kc6 f5 55. d6+ Ke6 56. Rc5 Rd2 57. d7 Rd6+ 0-1

[Event "24th Klatovy A 2016"]
[Site "Klatovy CZE"]
[Date "2016.07.03"]
[Round "2.1"]
[White "Neuman, Petr"]
[Black "Filipi, Stepan"]
[Result "1-0"]
[WhiteElo "2446"]
[BlackElo "2164"]
[PlyCount "49"]
[EventDate "2016.07.02"]
[EventType "swiss"]
[EventRounds "9"]
[EventCountry "CZE"]

1. c4 Nf6 2. Nc3 e5 3. e3 Be7 4. Nf3 Nc6 5. a3 d5 6. cxd5 Nxd5 7. Qc2 O-O 8. Bb5 Bg4 9. Bxc6 Bxf3 10. gxf3 bxc6 11. d3 Bh4 12. e4 Nxc3 13. Qxc3 Qf6 14. Ke2 Rab8 15. b4 c5 16. Be3 cxb4 17. axb4 a6 18. Ra5 Rfe8 19. Rha1 Qe6 20. Rxa6 Qh3 21. Qc6 g5 22. Rg1 Re6 23. Qd7 Rxb4 24. Bxg5 Rb8 25. Rxe6 1-0

[Event "24th Klatovy A 2016"]
[Site "Klatovy CZE"]
[Date "2016.07.03"]
[Round "2.2"]
[White "Kuba, Stanislav"]
[Black "Turner, Jan"]
[Result "1/2-1/2"]
[WhiteElo "2156"]
[BlackElo "2387"]
[PlyCount "107"]
[EventDate "2016.07.02"]
[EventType "swiss"]
[EventRounds "9"]
[EventCountry "CZE"]

1. d4 Nf6 2. c4 g6 3. Nc3 Bg7 4. g3 O-O 5. Bg2 d6 6. Nf3 c6 7. O-O Qa5 8. h3 Be6 9. d5 cxd5 10. Nd4 dxc4 11. Nxe6 fxe6 12. Bxb7 Nbd7 13. Bxa8 Rxa8 14. Qa4 Qxa4 15. Nxa4 Ne4 16. Kg2 Nb6 17. Nxb6 axb6 18. a3 b5 19. Rb1 Nc5 20. Bd2 Nb3 21. Rfd1 d5 22. e3 Kf7 23. Bb4 Rd8 24. f4 e5 25. fxe5 Bxe5 26. Rf1+ Ke6 27. Rf2 Bf6 28. Re1 Rc8 29. h4 Nc5 30. Bxc5 Rxc5 31. Ra1 Rc6 32. Kf3 Ra6 33. Rh1 b4 34. axb4 Rb6 35. Ra1 Rxb4 36. Ra6+ Kf7 37. Ra2 Rb3 38. Ra3 Rxb2 39. Rxb2 Bxb2 40. Ra6 Bf6 41. Ke2 h5 42. Rc6 Be5 43. Kf3 Bd6 44. g4 hxg4+ 45. Kxg4 Kf6 46. e4 Ke5 47. exd5 Kxd5 48. Rc8 Bc5 49. Kf3 c3 50. Ke2 Bd4 51. Rg8 Bf6 52. Rxg6 Bxh4 53. Kd3 Bf6 54. Rg8 1/2-1/2

[Event "24th Klatovy A 2016"]
[Site "Klatovy CZE"]
[Date "2016.07.03"]
[Round "2.3"]
[White "Kovar, Vojtech"]
[Black "Kozak, Milos"]
[Result "1/2-1/2"]
[WhiteElo "2358"]
[BlackElo "2152"]
[PlyCount "28"]
[EventDate "2016.07.02"]
[EventType "swiss"]
[EventRounds "9"]
[EventCountry "CZE"]

1. d4 Nf6 2. Bf4 g6 3. e3 Bg7 4. Nf3 O-O 5. Be2 d6 6. h3 Nbd7 7. Bh2 b6 8. O-O Bb7 9. Nbd2 c5 10. c3 Qc7 11. a4 a6 12. Ne1 Bc6 13. Bf3 Qb7 14. Nd3 Bxf3 1/2-1/2

[Event "24th Klatovy A 2016"]
[Site "Klatovy CZE"]
[Date "2016.07.03"]
[Round "2.4"]
[White "Simunek, Filip"]
[Black "Hausner, Ivan"]
[Result "0-1"]
[WhiteElo "2143"]
[BlackElo "2345"]
[PlyCount "94"]
[EventDate "2016.07.02"]
[EventType "swiss"]
[EventRounds "9"]
[EventCountry "CZE"]

1. d4 Nf6 2. c4 g6 3. Nc3 Bg7 4. e4 d6 5. Nf3 Bg4 6. Be2 Nfd7 7. Be3 e5 8. d5 a5 9. Nd2 Bxe2 10. Qxe2 Na6 11. h4 h5 12. Nf3 Qe7 13. O-O-O Ndc5 14. Kb1 Qd7 15. Ne1 Bh6 16. Bxc5 Nxc5 17. Nd3 b6 18. Nxc5 bxc5 19. f3 Kf8 20. g3 Kg7 21. Nb5 a4 22. Rd3 Rhb8 23. Ra3 Ra5 24. Qc2 Rba8 25. Qg2 Rh8 26. Qh3 Qe7 27. Rd3 Raa8 28. Rf1 Raf8 29. Ra3 Ra8 30. Nc3 Bd2 31. Nb5 Bh6 32. Rd1 Rhb8 33. Qg2 Ra5 34. Rg1 Rh8 35. Qc2 Rha8 36. Rd3 Kh7 37. Nc3 R5a6 38. Qf2 Rb6 39. Nb5 Rbb8 40. Rdd1 Ra5 41. Rde1 Qd7 42. Rh1 Raxb5 43. cxb5 Qxb5 44. Ka1 a3 45. bxa3 Qd3 46. Rb1 Qc3+ 47. Rb2 Bc1 0-1

[Event "24th Klatovy A 2016"]
[Site "Klatovy CZE"]
[Date "2016.07.03"]
[Round "2.5"]
[White "Miesbauer, Jan"]
[Black "Routner, Jakub"]
[Result "1-0"]
[WhiteElo "2321"]
[BlackElo "2130"]
[PlyCount "47"]
[EventDate "2016.07.02"]
[EventType "swiss"]
[EventRounds "9"]
[EventCountry "CZE"]

1. d4 Nf6 2. c4 e6 3. g3 d5 4. Nf3 Be7 5. Bg2 O-O 6. O-O dxc4 7. Qc2 a6 8. Qxc4 b5 9. Qc2 Bb7 10. Bf4 Bd6 11. Nbd2 Nd5 12. e3 Nxf4 13. gxf4 f5 14. Ne5 Bxg2 15. Kxg2 c5 16. dxc5 Bxe5 17. fxe5 Qd5+ 18. Nf3 g5 19. Rfd1 Qb7 20. e4 fxe4 21. Nxg5 e3+ 22. f3 Nc6 23. Qe4 Rf5 24. f4 1-0

[Event "24th Klatovy A 2016"]
[Site "Klatovy CZE"]
[Date "2016.07.03"]
[Round "2.6"]
[White "Chmel, Kristian"]
[Black "Jurek, Josef"]
[Result "0-1"]
[WhiteElo "2114"]
[BlackElo "2296"]
[PlyCount "74"]
[EventDate "2016.07.02"]
[EventType "swiss"]
[EventRounds "9"]
[EventCountry "CZE"]

1. e4 e6 2. d4 d5 3. e5 c5 4. c3 Qb6 5. Nf3 Bd7 6. Na3 cxd4 7. cxd4 Bb4+ 8. Bd2 Ne7 9. Bxb4 Qxb4+ 10. Qd2 Nbc6 11. Nb5 O-O 12. Bd3 f6 13. a3 Qxd2+ 14. Kxd2 fxe5 15. dxe5 Rxf3 16. gxf3 Nxe5 17. Nd4 Nxd3 18. Kxd3 e5 19. Nb3 Bb5+ 20. Ke3 Rf8 21. Rac1 Nf5+ 22. Kd2 Nh4 23. f4 Nf3+ 24. Kd1 Ba4 25. Ke2 Rxf4 26. Rc8+ Kf7 27. Nc5 Bb5+ 28. Nd3 e4 29. Ke3 Rh4 30. Nf4 Bc6 31. Ne2 d4+ 32. Nxd4 Nxd4 33. Rg1 Nf5+ 34. Ke2 Rxh2 35. Rg5 Kf6 36. Rg1 e3 37. Rf8+ Ke5 0-1

[Event "24th Klatovy A 2016"]
[Site "Klatovy CZE"]
[Date "2016.07.03"]
[Round "2.7"]
[White "Vedral, Oldrich"]
[Black "Vanek, Petr"]
[Result "1/2-1/2"]
[WhiteElo "2289"]
[BlackElo "2112"]
[PlyCount "59"]
[EventDate "2016.07.02"]
[EventType "swiss"]
[EventRounds "9"]
[EventCountry "CZE"]

1. e4 e6 2. d4 d5 3. e5 c5 4. c3 Nc6 5. Nf3 Nge7 6. Be3 Nf5 7. Bd3 cxd4 8. cxd4 Nxe3 9. fxe3 f6 10. O-O Be7 11. exf6 Bxf6 12. Nc3 O-O 13. Rc1 Bd7 14. Bb1 Be8 15. Qe1 Qd6 16. a3 a6 17. Kh1 Bh5 18. Na4 Rae8 19. Nc5 Re7 20. Qc3 e5 21. Nxb7 Rxb7 22. Qxc6 Qxc6 23. Rxc6 Bxf3 24. gxf3 exd4 25. Ba2 Rxb2 26. Bxd5+ Kh8 27. exd4 Bxd4 28. Rxa6 g6 29. Re1 Rc8 30. Ra8 1/2-1/2

[Event "24th Klatovy A 2016"]
[Site "Klatovy CZE"]
[Date "2016.07.03"]
[Round "2.8"]
[White "Slovak, Kilian"]
[Black "Novotny, Michal"]
[Result "1/2-1/2"]
[WhiteElo "2108"]
[BlackElo "2283"]
[PlyCount "54"]
[EventDate "2016.07.02"]
[EventType "swiss"]
[EventRounds "9"]
[EventCountry "CZE"]

1. e4 e6 2. d4 d5 3. Nc3 Bb4 4. e5 b6 5. Bd2 Nc6 6. Nf3 h6 7. a3 Bf8 8. Bd3 Qd7 9. O-O Bb7 10. Qe2 g5 11. h3 Nge7 12. Be3 Bg7 13. Rfe1 Nf5 14. Na2 Nce7 15. b4 Nxe3 16. Qxe3 Ng6 17. Bxg6 fxg6 18. Nc1 Ba6 19. a4 c6 20. Nb3 O-O 21. Ra3 Bc4 22. Nbd2 Rf5 23. Nxc4 dxc4 24. a5 Raf8 25. axb6 axb6 26. Ra6 Qd8 27. Qe4 Qc7 1/2-1/2